000 00266nam a22001217a 4500
040 _cSK
082 _a332
100 _aASTRID AAFJES
245 _aCredit needs and the credit providers in the rural areas
260 _aCCRD
_bAST
_c1996
300 _a7p.
942 _cEK
999 _c9943
_d9943